Teaching and researching reading

Gespeichert in:
Bibliographische Detailangaben
1. Verfasser: GRABE, William Stoller, Fredricka L.
Format: Buch
Sprache:Englisch
Veröffentlicht: Routledge 2020
Tags: Tag hinzufügen
Keine Tags, Fügen Sie den ersten Tag hinzu!

MARC

LEADER 00000nam a22000007a 4500
008 230925b |||||||| |||| 00| 0 eng d
022 |a 9781138847941 
100 |a GRABE, William  |a Stoller, Fredricka L. 
245 |a Teaching and researching reading  |c William Grabe,Stoller, Fredricka  |e Applied linguistics in action  |g xx, 320p; ill 
250 |b 3rd 
260 |b Routledge  |c 2020  |h New York  |i 699997   |i 699998  |l LB1050.G75  |m Reading  |m Second language acquisition  |m Reading-Research 
500 |a it includes references and index 
942 |a lcc  |c BK  |e Johnson  |f 25/09/23 
952 |0 0  |1 0  |2 lcc  |4 0  |6 LB1050 G75  |7 0  |9 4482  |a ED  |b HOL  |c LP  |d 2023-09-25  |l 0  |o LB1050.G75  |p 2023-0403  |r 2023-09-25 00:00:00  |t 699997  |w 2023-09-25  |y BK 
952 |0 0  |1 0  |2 lcc  |4 0  |6 LB1050 G75  |7 0  |9 4483  |a HOL  |b HOL  |c LP  |d 2023-09-25  |l 0  |o LB1050.G75  |p 2023-0404  |r 2023-09-25 00:00:00  |t 699998  |w 2023-09-25  |y BK 
999 |c 2246  |d 2246